000 00215nam a2200097Ia 4500
008 190216s9999||||xx |||||||||||||| ||und||
100 _aArnold Togin
245 0 _aServicing The Future
260 _bNull
942 _cBK
999 _c13478
_d13478